Laborator experiments for general, organic, and biochemistry (Record no. 4592)
[ view plain ]
| 000 -LEADER | |
|---|---|
| fixed length control field | 00583nam a2200169 4500 |
| 020 ## - INTERNATIONAL STANDARD BOOK NUMBER | |
| ISBN | 9780030291975 |
| 050 ## - CALL NUMBER | |
| Classification number | QD31.2 |
| Item number | B46 |
| 100 ## - AUTHOR | |
| Personal name | Bettelheim, Frederick A. |
| 245 ## - TITLE | |
| Title | Laborator experiments for general, organic, and biochemistry |
| Statement of responsibility, etc | Bettelheim, Frederick A., Landesberg, Joseph M. |
| 250 ## - EDITION | |
| Edition statement | 4TH |
| 260 ## - PUBLICATION INFORMATION | |
| Place of publication | Forth Worth |
| Name of publisher | Harcourt College Publication |
| Year of publication | 2001 |
| 300 ## - DESCRIPTION | |
| Number of Pages | 567pp |
| Other physical details | illustrations ; |
| 500 ## - NOTES | |
| General note | includes index |
| 650 ## - SUBJECTS | |
| Topical Term | Chemistry -- Laboratory manuals. |
| General subdivision | Chemistry, Organic -- Laboratory manuals. |
| 700 ## - OTHER AUTHORS | |
| Personal name | Landesberg, Joseph M. |
| 942 ## - ADDED ENTRY ELEMENTS (KOHA) | |
| Koha item type | Books |
| Withdrawn status | Lost status | Home library | Current library | Date acquired | Full call number | Accession Number | Koha item type |
|---|---|---|---|---|---|---|---|
| Methodist University Library Wenchi Faculty | Methodist University Library Wenchi Faculty | 16/11/2018 | QD31.2 B46 | 3087 | Books |